<?xml version="1.0" encoding="UTF-8"?>
<record
    xmlns:xsi="http://www.w3.org/2001/XMLSchema-instance"
    xsi:schemaLocation="http://www.loc.gov/MARC21/slim http://www.loc.gov/standards/marcxml/schema/MARC21slim.xsd"
    xmlns="http://www.loc.gov/MARC21/slim">

  <leader>03678nam a2200337 a 4500</leader>
  <controlfield tag="001">000007696</controlfield>
  <controlfield tag="003">DO-SdBNP</controlfield>
  <controlfield tag="005">20250703114553.0</controlfield>
  <controlfield tag="008">090907s2007    dr a    r     001 0 spa d</controlfield>
  <datafield tag="020" ind1=" " ind2=" ">
    <subfield code="a">9789945406481</subfield>
  </datafield>
  <datafield tag="040" ind1=" " ind2=" ">
    <subfield code="a">DO-SdBNP</subfield>
    <subfield code="b">spa</subfield>
    <subfield code="c">BNPHU</subfield>
  </datafield>
  <datafield tag="082" ind1=" " ind2=" ">
    <subfield code="a">378.7293</subfield>
    <subfield code="b">F727h</subfield>
  </datafield>
  <datafield tag="111" ind1="2" ind2=" ">
    <subfield code="a">Foro presidencial por la excelencia de la educaci&#xF3;n</subfield>
    <subfield code="d">(2007 :</subfield>
    <subfield code="c">Santo Domingo, Rep&#xFA;blica Dominicana)</subfield>
    <subfield code="9">21343</subfield>
  </datafield>
  <datafield tag="245" ind1="1" ind2="0">
    <subfield code="a">Hacia un plan decenal de la educaci&#xF3;n superior, la ciencia y la tecnolog&#xED;a :</subfield>
    <subfield code="b">s&#xED;ntesis de las mesas de trabajo de la educaci&#xF3;n superior, ciencia y tecnolog&#xED;a 2007 /</subfield>
    <subfield code="c">s&#xED;ntesis elaborada por Lorenzo Guadamuz Sandoval ; revisi&#xF3;n Ligia Amada Melo... [et al.] .</subfield>
  </datafield>
  <datafield tag="260" ind1=" " ind2=" ">
    <subfield code="a">Santo Domingo :</subfield>
    <subfield code="b">Secretar&#xED;a de Estado de Educaci&#xF3;n Superior, Ciencia y Tecnolog&#xED;a,</subfield>
    <subfield code="c">2007.</subfield>
  </datafield>
  <datafield tag="300" ind1=" " ind2=" ">
    <subfield code="a">110 p. :</subfield>
    <subfield code="b">gr&#xE1;f. ;</subfield>
    <subfield code="c">28 cm.</subfield>
  </datafield>
  <datafield tag="504" ind1=" " ind2=" ">
    <subfield code="a">Bibliograf&#xED;ca : p. 209-210</subfield>
  </datafield>
  <datafield tag="505" ind1="0" ind2=" ">
    <subfield code="t">Reconocimiento --</subfield>
    <subfield code="t">Introducci&#xF3;n --</subfield>
    <subfield code="t">El contexto del pa&#xED;s y de la educaci&#xF3;n superior en la Rep&#xFA;blica Dominicana --</subfield>
    <subfield code="t">Desarrollo econ&#xF3;mico y reformas educativas --</subfield>
    <subfield code="t">Situaci&#xF3;n y perspectivas de la educaci&#xF3;n superior, la ciencia y la tecnolog&#xED;a en contexto de la globalizaci&#xF3;n, la sociedad del conocimiento y el TLC --</subfield>
    <subfield code="t">An&#xE1;lisis de situaci&#xF3;n de la educaci&#xF3;n superior, la ciencia y la tecnolog&#xED;a --</subfield>
    <subfield code="t">Perspectiva de la educaci&#xF3;n superior, la ciencia y la tecnolog&#xED;a --</subfield>
    <subfield code="t">L&#xED;neas de acci&#xF3;n, pol&#xED;ticas y estrategias --</subfield>
    <subfield code="t">Situaci&#xF3;n y perspectivas del uso de las tecnolog&#xED;as de la informaci&#xF3;n y la comunicaci&#xF3;n en la educaci&#xF3;n superior --</subfield>
    <subfield code="t">An&#xE1;lisis de la situaci&#xF3;n del uso de las tecnolog&#xED;as de la informaci&#xF3;n y la comunicaci&#xF3;n en la educaci&#xF3;n superior --</subfield>
    <subfield code="t">Perspectivas de desarrollo para el uso de las tecnolog&#xED;as de la informaci&#xF3;n y la comunicaci&#xF3;n en la educaci&#xF3;n superior --</subfield>
    <subfield code="t">Objetivos y l&#xED;neas de acci&#xF3;n para el desarrollo de las tecnolog&#xED;as de informaci&#xF3;n y comunicaci&#xF3;n en la educaci&#xF3;n superior --</subfield>
    <subfield code="t">Situaci&#xF3;n y perspectivas de los valores en la educaci&#xF3;n superior. La educaci&#xF3;n en la verdad --</subfield>
    <subfield code="t">An&#xE1;lisis de situaciones de los valores en la educaci&#xF3;n superior --</subfield>
    <subfield code="t">Perspectivas del &#xE1;rea de valores en la educaci&#xF3;n superior --</subfield>
    <subfield code="t">Objetivos y l&#xED;neas de acci&#xF3;n. Pol&#xED;ticas y estrategias sobre valores en la educaci&#xF3;n superior --</subfield>
    <subfield code="t">Objetivos y l&#xED;neas de acci&#xF3;n. Pol&#xED;ticas y estrategias sobre valores en la educaci&#xF3;n superior --</subfield>
    <subfield code="t">Situaci&#xF3;n y perspectivas de la administraci&#xF3;n de las instituciones de educaci&#xF3;n superior --</subfield>
    <subfield code="t">Situaci&#xF3;n actual de tres &#xE1;reas de la administraci&#xF3;n de las instituciones de educaci&#xF3;n superior (IES) --</subfield>
    <subfield code="t">Perspectivas y l&#xED;neas de acci&#xF3;n de cuatro &#xE1;reas de la administraci&#xF3;n de las instituciones de educaci&#xF3;n superior --</subfield>
    <subfield code="t">Conclusiones generales --</subfield>
    <subfield code="t">Bibliograf&#xED;a --</subfield>
    <subfield code="t">Anexo 1 : Listado de las instituciones de educaci&#xF3;n superior de la Rep&#xFA;bli</subfield>
  </datafield>
  <datafield tag="590" ind1=" " ind2=" ">
    <subfield code="a">Inventariado,2018/MFF</subfield>
  </datafield>
  <datafield tag="650" ind1=" " ind2="4">
    <subfield code="a">Educaci&#xF3;n superior</subfield>
    <subfield code="z">Rep&#xFA;blica Dominicana</subfield>
    <subfield code="x">Congresos, conferencias, etc.</subfield>
    <subfield code="9">9366</subfield>
  </datafield>
  <datafield tag="650" ind1=" " ind2="4">
    <subfield code="a">Planificaci&#xF3;n educativa</subfield>
    <subfield code="z">Rep&#xFA;blica Dominicana</subfield>
    <subfield code="x">Congresos, conferencias, etc.</subfield>
    <subfield code="9">21344</subfield>
  </datafield>
  <datafield tag="650" ind1=" " ind2="4">
    <subfield code="a">Calidad de la educaci&#xF3;n</subfield>
    <subfield code="z">Rep&#xFA;blica Dominicana</subfield>
    <subfield code="x">Congresos, conferencias, etc.</subfield>
    <subfield code="9">21345</subfield>
  </datafield>
  <datafield tag="650" ind1=" " ind2="4">
    <subfield code="a">Tecnolog&#xED;a educativa</subfield>
    <subfield code="x">Congresos, conferencias, etc.</subfield>
    <subfield code="9">17464</subfield>
  </datafield>
  <datafield tag="650" ind1=" " ind2="4">
    <subfield code="a">Administraci&#xF3;n de sistemas de informaci&#xF3;n</subfield>
    <subfield code="x">Congresos, conferencias, etc.</subfield>
    <subfield code="9">21346</subfield>
  </datafield>
  <datafield tag="650" ind1=" " ind2="4">
    <subfield code="a">Ense&#xF1;anza con ayuda de computadores</subfield>
    <subfield code="x">Congresos, conferencias, etc.</subfield>
    <subfield code="9">21347</subfield>
  </datafield>
  <datafield tag="650" ind1=" " ind2="7">
    <subfield code="a">Educaci&#xF3;n y estado</subfield>
    <subfield code="z">Rep&#xFA;blica Dominicana</subfield>
    <subfield code="x">Congresos, conferencias, etc.</subfield>
    <subfield code="9">51256</subfield>
  </datafield>
  <datafield tag="700" ind1="1" ind2="2">
    <subfield code="a">Guadamuz Sandoval, Lorenzo</subfield>
    <subfield code="9">17392</subfield>
  </datafield>
  <datafield tag="700" ind1="1" ind2="2">
    <subfield code="a">Melo, Ligia Amada</subfield>
    <subfield code="9">21349</subfield>
  </datafield>
  <datafield tag="910" ind1=" " ind2=" ">
    <subfield code="a">Validado. Control de calidad. MMOLINA</subfield>
  </datafield>
  <datafield tag="942" ind1=" " ind2=" ">
    <subfield code="2">ddc</subfield>
    <subfield code="c">LBS1</subfield>
  </datafield>
  <datafield tag="952" ind1=" " ind2=" ">
    <subfield code="0">0</subfield>
    <subfield code="1">0</subfield>
    <subfield code="5">4</subfield>
    <subfield code="7">0</subfield>
    <subfield code="8">DS</subfield>
    <subfield code="a">GR</subfield>
    <subfield code="b">GR</subfield>
    <subfield code="c">HD</subfield>
    <subfield code="d">2013-07-23</subfield>
    <subfield code="i">LF1</subfield>
    <subfield code="l">0</subfield>
    <subfield code="o">378.7293 F727h</subfield>
    <subfield code="p">7696-50</subfield>
    <subfield code="r">2020-06-25</subfield>
    <subfield code="t">e. 5</subfield>
    <subfield code="w">2020-06-25</subfield>
    <subfield code="y">LFDS</subfield>
    <subfield code="Z">Pr&#xE9;stamo en sala</subfield>
  </datafield>
  <datafield tag="952" ind1=" " ind2=" ">
    <subfield code="0">0</subfield>
    <subfield code="1">0</subfield>
    <subfield code="5">4</subfield>
    <subfield code="7">0</subfield>
    <subfield code="8">DS</subfield>
    <subfield code="a">GR</subfield>
    <subfield code="b">GR</subfield>
    <subfield code="c">HD</subfield>
    <subfield code="d">2011-04-29</subfield>
    <subfield code="i">LF1</subfield>
    <subfield code="l">0</subfield>
    <subfield code="o">378.7293 F727h</subfield>
    <subfield code="p">7696-30</subfield>
    <subfield code="r">2020-06-25</subfield>
    <subfield code="t">e. 3</subfield>
    <subfield code="w">2020-06-25</subfield>
    <subfield code="y">LFDS</subfield>
    <subfield code="Z">Pr&#xE9;stamo en sala</subfield>
  </datafield>
  <datafield tag="952" ind1=" " ind2=" ">
    <subfield code="0">0</subfield>
    <subfield code="1">0</subfield>
    <subfield code="5">4</subfield>
    <subfield code="7">0</subfield>
    <subfield code="8">DS</subfield>
    <subfield code="a">GR</subfield>
    <subfield code="b">GR</subfield>
    <subfield code="c">HD</subfield>
    <subfield code="d">2012-02-14</subfield>
    <subfield code="i">LF1</subfield>
    <subfield code="l">0</subfield>
    <subfield code="o">378.7293 F727h</subfield>
    <subfield code="p">7696-40</subfield>
    <subfield code="r">2020-06-25</subfield>
    <subfield code="t">e. 4</subfield>
    <subfield code="w">2020-06-25</subfield>
    <subfield code="y">LFDS</subfield>
    <subfield code="Z">Pr&#xE9;stamo en sala</subfield>
  </datafield>
  <datafield tag="952" ind1=" " ind2=" ">
    <subfield code="0">0</subfield>
    <subfield code="1">0</subfield>
    <subfield code="7">1</subfield>
    <subfield code="8">PD</subfield>
    <subfield code="a">PD</subfield>
    <subfield code="b">PD</subfield>
    <subfield code="c">HD</subfield>
    <subfield code="d">2009-09-29</subfield>
    <subfield code="i">LF1</subfield>
    <subfield code="l">0</subfield>
    <subfield code="o">378.7293 F727h</subfield>
    <subfield code="p">7696-10</subfield>
    <subfield code="r">2020-06-25</subfield>
    <subfield code="w">2020-06-25</subfield>
    <subfield code="y">LFPD</subfield>
    <subfield code="Z">No se presta</subfield>
  </datafield>
  <datafield tag="952" ind1=" " ind2=" ">
    <subfield code="0">0</subfield>
    <subfield code="1">0</subfield>
    <subfield code="7">1</subfield>
    <subfield code="8">PD</subfield>
    <subfield code="a">PD</subfield>
    <subfield code="b">PD</subfield>
    <subfield code="c">HD</subfield>
    <subfield code="d">2011-04-29</subfield>
    <subfield code="i">LF1</subfield>
    <subfield code="l">0</subfield>
    <subfield code="o">378.7293 F727h</subfield>
    <subfield code="p">7696-20</subfield>
    <subfield code="r">2020-06-25</subfield>
    <subfield code="t">e. 2</subfield>
    <subfield code="w">2020-06-25</subfield>
    <subfield code="y">LFPD</subfield>
    <subfield code="Z">No se presta</subfield>
  </datafield>
  <datafield tag="999" ind1=" " ind2=" ">
    <subfield code="c">7475</subfield>
    <subfield code="d">7475</subfield>
  </datafield>
</record>
